Toán nâng cao và các chuyên đề số học 6
Đề cập đến tập hợp các số tự nhiên; Tập hợp các số biểu diễn bởi phân số.
Đã lưu trong:
| Tác giả chính: | |
|---|---|
| Định dạng: | Sách |
| Năm xuất bản: |
H.
Đại học Quốc gia
2000
|
| Chủ đề: | |
| Tags: |
Thêm thẻ
Không có thẻ, Hãy là người đầu tiên gắn thẻ bản ghi này!
|
| LEADER | 00808nam a2200193 4500 | ||
|---|---|---|---|
| 082 | |a 531.076 |b NG527NG | ||
| 100 | |a Nguyễn Ngọc Đạm | ||
| 245 | |a Toán nâng cao và các chuyên đề số học 6 |c Nguyễn Ngọc Đạm, Nguyễn Việt Hải, Vũ Dương Thụy | ||
| 260 | |a H. |b Đại học Quốc gia |c 2000 | ||
| 300 | |a 147 tr. |c 21 cm | ||
| 520 | |a Đề cập đến tập hợp các số tự nhiên; Tập hợp các số biểu diễn bởi phân số. | ||
| 653 | |a Số học | ||
| 653 | |a Chuyên đề | ||
| 653 | |a Bài tập | ||
| 653 | |a Bài toán | ||
| 653 | |a Giải bài toán | ||
| 942 | |2 ddc |c SH | ||
| 999 | |c 6823 |d 6823 | ||
| 952 | |0 0 |1 0 |2 ddc |4 0 |6 531_076000000000000_NG527NG |7 0 |8 500 |9 63947 |a qbu |b qbu |c D3 |d 2015-01-26 |g 9000 |l 1 |o 531.076 NG527NG |p 6763.c1 |r 2016-05-30 |s 2016-05-27 |w 2015-01-26 |y SH | ||